000 00733nam a2200265Ia 4500
003 OSt
005 20221220152959.0
008 210210b1956 xxu||||| |||| 00| 0 eng d
020 _a0861320654
040 _cAL
041 _aeng
082 _a954/176
100 _aDamodar Dharmanand Kosambi
_967049
245 _aIntroduction to the study of Indian history
260 _aBombay
_bPopular Book Depot
_c1956
650 _aHeritage of Pre Class Society
_967051
650 _aAryan
_967059
650 _aRise of Magadha
_967060
650 _aVillage Economy
_967061
650 _aFeudalism
_967062
690 _aIndian History
_967057
700 _aKOSAMBI (Damodar Dharmanand)
_967058
906 _a025934
942 _2ddc
_cBK
999 _c151848
_d151848